|
|
|
|
| LEADER |
00000nam0a2200000 4500 |
| 001 |
110370 |
| 005 |
20231031120434.0 |
| 035 |
|
|
|a (RuTPU)RU\TPU\book\119199
|
| 090 |
|
|
|a 110370
|
| 100 |
|
|
|a 20070222d1951 m y0rusy50 ca
|
| 101 |
0 |
|
|a rus
|
| 102 |
|
|
|a RU
|
| 105 |
|
|
|a a z 001zy
|
| 200 |
1 |
|
|a Вопросы теории сплавов алюминия
|f Д. А. Петров
|
| 210 |
|
|
|a Москва
|c Металлургиздат
|d 1951
|
| 215 |
|
|
|a 256 с.
|c ил.
|
| 320 |
|
|
|a Библиогр.: с. 254-256.
|
| 610 |
1 |
|
|a алюминий
|
| 610 |
1 |
|
|a сплавы
|
| 610 |
1 |
|
|a термическая обработка
|
| 610 |
1 |
|
|a диаграммы состояний
|
| 610 |
1 |
|
|a твердые растворы
|
| 610 |
1 |
|
|a исследования
|
| 610 |
1 |
|
|a жаропрочность
|
| 675 |
|
|
|a 669.71
|v 3
|
| 700 |
|
1 |
|a Петров
|b Д. А.
|
| 801 |
|
1 |
|a RU
|b 63413507
|c 20070222
|g PSBO
|
| 801 |
|
2 |
|a RU
|b 63413507
|c 20140402
|g PSBO
|
| 942 |
|
|
|c BK
|